000 00232nam a22001097a 4500
999 _c261326
_d261325
020 _a0789429608
100 _aAngela Royston
245 _aFire Fighter
260 _aUSA
_bDorling Kindersley
_c1998
300 _a32 pgs
942 _cBK